MARC

LEADER 00000nam0a2200000 4500
001 363484
005 20231102011608.0
035 |a (RuTPU)RU\TPU\retro\20831 
090 |a 363484 
100 |a 20211001d1980 km y0rusy50 ca 
101 0 |a rus 
102 |a RU 
105 |a a z 001zy 
200 1 |a Определение и коррекция движения. Гарантирующий подход  |f Б. Ц. Бахшиян, Р. Р. Назиров, П. Е. Эльясберг 
210 |a Москва  |c Наука  |d 1980 
215 |a 360 с.  |c ил. 
320 |a Библиогр.: с. 355-358 
606 1 |a Автоматическое управление  |x Математические исследования  |2 stltpush  |3 (RuTPU)RU\TPU\subj\946  |9 29751 
610 1 |a движение 
610 1 |a коррекция 
610 1 |a гарантирующие управления 
610 1 |a оптимальные задачи 
610 1 |a точность 
610 1 |a оценка 
610 1 |a экстремальные задачи 
610 1 |a максимальные значения 
675 |a 681.51.01:51  |v 4 
700 1 |a Бахшиян  |b Б. Ц.  |g Борис Цолакович 
701 1 |a Назиров  |b Р. Р.  |g Равиль Равильевич 
701 1 |a Эльясберг  |b П. Е.  |g Павел Ефимович 
801 1 |a RU  |b 63413507  |c 20211001 
801 2 |a RU  |b 63413507  |c 20211001  |g RCR 
942 |c BK